« Retourner aux résultats de recherche
Comment rester jeune
diététique, mémoire, sexualité, stress...
| Auteur principal: | Laurence Albert |
|---|---|
| Support: | Livres |
| Langue: | Francais |
| Genre: |
Documentaire |
| Sujets: | |
| Étiquettes: |
Ajouter
Pas de Tags !
|
| LEADER | 00969nam0a2200205 450 | ||
|---|---|---|---|
| 001 | 16848153 | ||
| 010 | |a 978-2-7328-9381-5 |b Br. |d 14 | ||
| 100 | |a 20090428d2009 u u0frey01 ba | ||
| 101 | 0 | |a fre | |
| 102 | |a FR | ||
| 200 | 0 | |a Comment rester jeune |e diététique, mémoire, sexualité, stress... |f Laurence Albert | |
| 205 | |a Nouv. éd. mise à jour | ||
| 207 | 1 | |a | |
| 215 | |a 190 p. |d 21 x 15 cm | ||
| 300 | |a Adresses utiles | ||
| 330 | |a Une revue des cures de rajeunissement les plus actuelles : sérothérapie cellulaire, organothérapie, opothérapie, cure de somathormone, cure d'oxygène et d'azote, de détoxication... Des méthodes pour garder jeunesse et dynamisme : diététique, activité physique, sommeil, occupations intellectuelles ou artistiques. | ||
| 700 | 0 | |a Albert |b Laurence |4 70 | |
| 900 | |a Documentaire | ||
| 901 | |a Accessible au prêt | ||
| 995 | |a Bibliothèque |c Bibliothèque |f 00156008245086 |h 00156008245086 |k 613 ALB |o p |q a |r az |e Bibliothèque | ||
